000 00378nam a2200145Ia 4500
008 090122s9999 xx 000 0 und d
082 _b8193
_a891.4684
100 _aराऊत
_bसंजय
245 _aगरुड नजर
600 _aराऊत
630 _aगरुड नजर
700 _aराऊत
730 _aगरुड नजर
942 _cBOOK
999 _c32270
_d32270